| 000 | 01618nam0a2200337 4500 | ||
|---|---|---|---|
| 001 | RU\NLR\BIBL_A\012654639 | ||
| 005 | 20220122125847.0 | ||
| 010 |
_a978-5-04-121566-8 _910000 |
||
| 021 |
_aRU _bКН-П-21-051514 _9КН-П-21-4050 |
||
| 035 | _a(NLR Aleph) 012654639 | ||
| 090 |
_a12736853 _c12736853 |
||
| 100 | _a20211130d2021 m y0rusy50 ca | ||
| 101 | 1 |
_arus _ceng |
|
| 102 | _aRU | ||
| 105 | _ay z 000fy | ||
| 181 | 0 |
_ai _baxxe |
|
| 182 | 0 | _an | |
| 200 | 1 |
_aЛекарство от меланхолии _eсборник рассказов _fРэй Брэдбери _gперевод с английского Арама Оганяна |
|
| 203 |
_aТекст _bвизуальный _cнепосредственный |
||
| 210 |
_aМосква _cЭксмо _d2021 |
||
| 215 |
_a316, [4] с. _d18 |
||
| 225 | 1 | _aPocket book | |
| 225 | 1 | _aPocket modern | |
| 327 | 1 | _aСодерж.: Бархатный сезон; Дракон; Лекарство от меланхолии, или Верное средство найдено!; Прошла пора прелюдий; Лихорадочные видения; Примирительница; Город, в котором никто не останавливается; Аромат сарсапарели; Икар Монгольфье Райт; Черные лики, глаза золотые [и др.] | |
| 333 | _a16+ | ||
| 686 | 1 | _aШ6(7США)67-445.5{Лх1979-92} | |
| 700 | 1 |
_aБрэдбери _bР. _f1920-2012 _gРэй _3RU\NLR\AUTH\7716011 |
|
| 942 | _cBOOK | ||
| 980 | _aNB | ||